Statistics for Lombardian Kings

Click here to take the quiz!

General Stats

  • This quiz has been taken 14 times
  • The average score is 15 of 26

Answer Stats

ReignKing% Correct
c. 565 - 572Alboin
86%
712 - 744Liutprand
86%
636 - 652Rothari
86%
591 - c. 616Agilulf
71%
572 - 574Cleph
71%
756 - 774Desiderius
71%
671Garibald
71%
744 - 749Ratchis
71%
c. 626 - 636Arioald
57%
653 - 661Aripert I
57%
701 - 712Aripert II
57%
584 - 590Authari
57%
661 - 662Godepert
57%
744Hildeprand
57%
700 - 701Liutpert
57%
661 - 662Perthari
57%
671 - 688Perthari
57%
c. 616 - c. 626Adaloald
43%
749 - 756Aistulf
43%
688 - 689Alahis
43%
546 - c. 565Alduin
43%
712Ansprand
43%
662 - 671Grimuald
43%
701Raginpert
43%
652 - 653Rodoald
43%
688 - 700Cunipert
29%

Score Distribution

Percentile by Number Answered

Percent of People with Each Score

Your Score History

You have not taken this quiz